[Event "1st Panama Open"]
[Site "Panama City PAN"]
[Date "2011.11.07"]
[Round "9.7"]
[White "Almeida Quintana,O"]
[Black "Linares Napoles,O"]
[Result "0-1"]
[WhiteElo "2538"]
[BlackElo "2335"]

1.d4 g6 2.Nf3 Nf6 3.c4 Bg7 4.Nc3 O-O 5.e4 d6 6.Be2 e5 7.d5 a5 8.Be3 Na6 9.Nd2 c6
10.a3 Bd7 11.O-O Ne8 12.Rb1 f5 13.f3 f4 14.Bf2 c5 15.b3 Bf6 16.Kh1 Bh4 17.g3 fxg3
18.hxg3 Bg5 19.Kg2 Rf7 20.Rh1 Qf6 21.Nf1 Ng7 22.Nb5 h5 23.Qe1 b6 24.Ne3 Raf8
25.Bg1 Bc8 26.Nc2 Ne8 27.b4 axb4 28.axb4 Rh7 29.bxc5 Nxc5 30.Nc3 h4 31.Rxb6 Nd3
32.Qf1 hxg3 33.Rxh7 Nf4+ 34.Kxg3 Kxh7 35.Be3 Bh4+ 36.Kh2 Qg5 37.Bxf4 Qxf4+
38.Kg1 Qd2 39.Rb8 Qxc3 40.Rxc8 Qxc2 41.c5 Kg7 42.c6 Rh8 43.Bd1 Qc3 44.Ra8 Qe3+  0-1

[Event "23rd Leuven Open"]
[Site "Leuven BEL"]
[Date "2011.11.10"]
[Round "1.4"]
[White "Ikonnikov,Vy"]
[Black "Weiler,M"]
[Result "1-0"]
[WhiteElo "2529"]
[BlackElo "2085"]

1.d4 Nf6 2.Nf3 g6 3.c4 Bg7 4.Nc3 O-O 5.e4 d6 6.Be2 e5 7.O-O Nbd7 8.Qc2 c6
9.Rd1 Qc7 10.Bg5 exd4 11.Nxd4 Nc5 12.b4 Ne6 13.Nxe6 Bxe6 14.Bf4 Rfd8 15.c5 Ne8
16.cxd6 Qb6 17.Rab1 Rd7 18.Na4  1-0

[Event "23rd Leuven Open"]
[Site "Leuven BEL"]
[Date "2011.11.11"]
[Round "2.9"]
[White "Tomov,G"]
[Black "Burnay,G"]
[Result "1-0"]
[WhiteElo "2267"]
[BlackElo "1884"]

1.Nf3 Nf6 2.c4 g6 3.Nc3 Bg7 4.e4 d6 5.d4 O-O 6.Be2 e5 7.Be3 Nc6 8.d5 Ne7
9.Nd2 Nd7 10.g4 f5 11.gxf5 gxf5 12.Bg5 Nf6 13.Rg1 Kh8 14.Qc2 fxe4 15.Ndxe4 Bf5
16.O-O-O Qd7 17.h4 h6 18.Bxf6 Bxf6 19.Qd2 Bg7 20.Rg2 Ng8 21.Rdg1 Rf7 22.Bh5 Re7
23.Bg6 Rf8 24.h5 Bxg6 25.Rxg6 Qf5 26.Qe2 Qf3 27.Kd1 Rf4 28.Qxf3 Rxf3 29.Ke2 Rf5
30.c5 dxc5 31.Nxc5 b6 32.Ne6 Rff7 33.Nb5 a6 34.Nbxc7 Rxc7 35.Nxc7 Rxc7 36.d6 Rd7
37.Rxg7 Nf6 38.R7g6  1-0

[Event "2nd Brno Open"]
[Site "Brno CZE"]
[Date "2011.11.13"]
[Round "2"]
[White "Smirnova,An"]
[Black "Potapov,Alexa1"]
[Result "0-1"]
[WhiteElo "2049"]
[BlackElo "2396"]

1.d4 Nf6 2.Nf3 d6 3.c4 g6 4.Nc3 Bg7 5.e4 O-O 6.Be2 e5 7.O-O Nbd7 8.d5 a5
9.Ne1 Nc5 10.f3 Nfd7 11.Nd3 f5 12.g4 Nxd3 13.Bxd3 Nc5 14.Be2 Qh4 15.Qe1 Qh3
16.gxf5 gxf5 17.Qg3 fxe4 18.fxe4 Bg4 19.Rf2 Rxf2 20.Qxh3 Bxh3 21.Kxf2 Rf8+
22.Kg1 Rf6 23.Be3 Rg6+ 24.Kf2 Bf6 25.Bf3 Nd3+ 26.Ke2 Nf4+ 27.Bxf4 exf4 28.Rc1 Bd7
29.Nb5 Bxb2 30.Rc2 Be5 31.Nxc7 Rg1 32.Ne6 Ba4 33.Rd2 Rc1 34.c5 dxc5 35.d6 Bd7
36.Rd5 Bxe6 37.Rxe5 Kf7 38.Rh5 Kg6 39.Re5 Kf6 40.Rh5 Rc2+ 41.Ke1 Rc3 42.Kf2 b6
43.Rxh7 Rd3 44.Rh5 Kg6 45.Rh4 Rxd6 46.Rxf4 Rd2+ 47.Kg3 Rd3 48.h4 c4 49.Kf2 c3
50.Ke2 c2  0-1

[Event "12th Metropolitan Inv"]
[Site "Los Angeles USA"]
[Date "2011.11.13"]
[Round "9"]
[White "Troff,Kayden W"]
[Black "Matikozian,A"]
[Result "1/2-1/2"]
[WhiteElo "2279"]
[BlackElo "2457"]

1.d4 Nf6 2.c4 g6 3.Nc3 Bg7 4.e4 d6 5.Nf3 O-O 6.Be2 e5 7.O-O Na6 8.Re1 c6
9.Be3 exd4 10.Nxd4 Re8 11.f3 Nc7 12.Rc1 d5 13.cxd5 Nfxd5 14.Bf2 Nf4 15.Bf1 Qg5
16.Kh1 Rd8 17.Qa4 b5 18.Qa5 Bxd4 19.Bxd4 Rxd4 20.Qxc7 Rd2 21.Red1 Rxg2 22.Qd8+ Kg7
23.Qxg5 Rxg5 24.Ne2 Ne6 25.Rxc6 b4 26.Nd4 Nf4 27.Ne2 Ne6 28.Nd4 Nf4 29.Ne2 Ne6  1/2-1/2

[Event "5th Mediterranean Open"]
[Site "Rijeka CRO"]
[Date "2011.11.13"]
[Round "2.5"]
[White "Cvitan,O"]
[Black "Ramesa,D"]
[Result "1-0"]
[WhiteElo "2523"]
[BlackElo "2302"]

1.d4 Nf6 2.c4 g6 3.Nc3 Bg7 4.e4 d6 5.Nf3 O-O 6.Be2 Na6 7.O-O e5 8.Re1 c6
9.Rb1 Bg4 10.Be3 Ne8 11.dxe5 Bxf3 12.Bxf3 Bxe5 13.Ne2 Nc5 14.b4 Ne6 15.g3 N8g7
16.Bg2 Bf6 17.Qc2 Qc7 18.Red1 Rfc8 19.Rb3 a5 20.a3 axb4 21.axb4 Ra4 22.Nc3 Ra6
23.Bf1 Raa8 24.f4 b5 25.Qf2 bxc4 26.Bxc4 Bxc3 27.Rxc3 d5 28.Bxd5 Qb7 29.Bc4 Qxb4
30.Rcc1 Rd8 31.Rxd8+ Nxd8 32.f5 Qb7 33.Bd4 Ne8 34.Qf4 Qe7 35.fxg6 hxg6 36.Qh6  1-0

[Event "US Chess League 2011 Playoff"]
[Site "ICC INT"]
[Date "2011.11.14"]
[Round "2"]
[White "Gurevich,D"]
[Black "Abrahamyan,T"]
[Result "1-0"]
[WhiteElo "2475"]
[BlackElo "2264"]

1.d4 Nf6 2.c4 g6 3.Nc3 Bg7 4.e4 d6 5.Nf3 O-O 6.Be2 e5 7.O-O Na6 8.Re1 c6
9.Rb1 exd4 10.Nxd4 Nc5 11.f3 a5 12.Be3 Re8 13.Qd2 Qc7 14.Rbd1 Nh5 15.Nb3 Be5
16.Bf1 b6 17.g3 Be6 18.Nd4 Rad8 19.Nxe6 Nxe6 20.Bg2 Nc5 21.Bg5 f6 22.Be3 Ng7
23.Ne2 d5 24.cxd5 cxd5 25.exd5 Bxb2 26.d6 Rxd6 27.Qxd6 Qxd6 28.Rxd6 Rxe3
29.Kf1 Ra3 30.Rxb6 Na4 31.Rb8+ Kf7 32.Rb7+ Kf8 33.Rd1 Rxa2 34.f4 Nc5 35.Rd8+ Ne8
36.Rbb8  1-0

[Event "5th Mediterranean Open"]
[Site "Rijeka CRO"]
[Date "2011.11.15"]
[Round "5.13"]
[White "Dimitrijeski,B"]
[Black "Jovanic,O"]
[Result "1/2-1/2"]
[WhiteElo "2222"]
[BlackElo "2476"]

1.d4 Nf6 2.c4 g6 3.Nc3 Bg7 4.e4 d6 5.Be2 O-O 6.Nf3 e5 7.O-O exd4 8.Nxd4 Re8
9.f3 c6 10.Be3 d5 11.cxd5 Nxd5 12.Nxd5 cxd5 13.Rc1 Bxd4 14.Bxd4 dxe4 15.fxe4 Nc6
16.Bf6 Qxd1 17.Rfxd1 Be6 18.b3 Rac8 19.h3 a6 20.Kf2 Kf8 21.Rd6 Nb8 22.Rxc8 Rxc8
23.Rd8+ Rxd8 24.Bxd8 Nc6 25.Bb6 Ke7 26.Bc5+ Kf6 27.Ke3 Ke5 28.Bd1 h5 29.Ba3 Bd7
30.Bb2+ Ke6 31.a3 Kd6 32.Bc3 Be6 33.b4 Bc4 34.h4 Be6 35.Be1 Ke7 36.a4 Bd7
37.Bc3 Nd8 38.g3 Bc6 39.Bb3 Ne6 40.Bb2 Kd6 41.Ba3 b5 42.axb5 axb5 43.Bb2 Ke7
44.Bxe6 Kxe6  1/2-1/2

[Event "5th Mediterranean Open"]
[Site "Rijeka CRO"]
[Date "2011.11.15"]
[Round "5.20"]
[White "Battaglini,G"]
[Black "Zrilic,B"]
[Result "1-0"]
[WhiteElo "2423"]
[BlackElo "2018"]

1.d4 Nf6 2.c4 g6 3.Nc3 Bg7 4.e4 d6 5.Nf3 O-O 6.Be2 e5 7.O-O Na6 8.Be3 Qe8
9.dxe5 dxe5 10.h3 Nh5 11.Re1 Nf4 12.Bf1 c6 13.a3 Qe7 14.b4 Be6 15.c5 Rfd8
16.Qc2 g5 17.Nd2 g4 18.hxg4 Bxg4 19.f3 Be6 20.Nc4 Qg5 21.Nd6 Kh8 22.Nxb7 Rg8
23.Bxa6 Bf6 24.Nd6 Rg6 25.Kf1 Qh4 26.Qf2 Qh1+ 27.Qg1 Qh5 28.Re2 Rag8 29.Raa2 Rg3
30.Rac2 Rxf3+ 31.Ke1 Rh3 32.Kd2 Nxg2 33.Rxg2 Rxg2+ 34.Qxg2 Rh2 35.Kd3 Rxg2
36.Rxg2 Qh3 37.Re2 h5 38.b5 cxb5 39.c6 Bg5  1-0

[Event "5th Mediterranean Open"]
[Site "Rijeka CRO"]
[Date "2011.11.16"]
[Round "6.5"]
[White "Tratar,M"]
[Black "Martinovic,Sa"]
[Result "1/2-1/2"]
[WhiteElo "2495"]
[BlackElo "2504"]

1.d4 Nf6 2.Nf3 g6 3.c4 Bg7 4.Nc3 O-O 5.e4 d6 6.Be2 e5 7.O-O exd4 8.Nxd4 Re8
9.f3 Nc6 10.Be3 Nh5 11.Qd2 Nf4 12.Rfd1 Nxd4 13.Bxd4 Bxd4+ 14.Qxd4 Nxe2+ 15.Nxe2  1/2-1/2

[Event "21st World Seniors"]
[Site "Rijeka CRO"]
[Date "2011.11.17"]
[Round "3.4"]
[White "Hulak,K"]
[Black "Jacobsen,Bo"]
[Result "1-0"]
[WhiteElo "2480"]
[BlackElo "2317"]

1.d4 Nf6 2.c4 g6 3.Nc3 Bg7 4.e4 O-O 5.Nf3 d6 6.Be2 e5 7.Be3 Ng4 8.Bg5 f6
9.Bc1 Nc6 10.d5 Ne7 11.h3 Nh6 12.Bd2 c5 13.a3 f5 14.Ng5 f4 15.h4 Kh8 16.b4 b6
17.Rb1 Bf6 18.g3 Neg8 19.bxc5 bxc5 20.Qa4 Qe7 21.Qc6 Bd7 22.Qb7 Rfc8 23.Ne6 Nf7
24.Kd1 Nd8 25.Nxd8 Qxd8 26.Qa6 Rcb8 27.Rxb8 Rxb8 28.Nb5 fxg3 29.fxg3 Be7
30.Ba5 Bxb5 31.cxb5 Qd7 32.Qc6 Nf6 33.a4 Kg7 34.Kc2 h5 35.Qxd7 Nxd7 36.Bd2 Bd8
37.Rb1 Nf6 38.Bf3 Kf7 39.Kd3 Nd7 40.a5 Rb7 41.Kc4 Kg7 42.Re1 Nb8 43.Bg2 Rf7
44.Rf1 Rb7 45.Bh3 Rc7 46.Be6 Rb7 47.Rf3  1-0

[Event "5th Mediterranean Open"]
[Site "Rijeka CRO"]
[Date "2011.11.17"]
[Round "7.13"]
[White "Dimitrijeski,B"]
[Black "Kanmazalp,O"]
[Result "1-0"]
[WhiteElo "2222"]
[BlackElo "2401"]

1.d4 Nf6 2.c4 g6 3.Nc3 Bg7 4.e4 d6 5.Be2 O-O 6.Nf3 Nbd7 7.O-O e5 8.Be3 Re8
9.d5 Nh5 10.g3 Bf8 11.Ne1 Ng7 12.Nd3 f5 13.f3 Be7 14.Qd2 Nf6 15.Bh6 fxe4
16.fxe4 Ng4 17.Bxg4 Bxg4 18.Kg2 Qc8 19.Nf2 Bd7 20.h3 c5 21.g4 a6 22.a4 Rb8
23.a5 b5 24.axb6 Rxb6 25.Qc2 Qd8 26.Qd2 Qc8 27.Qe2 Qd8 28.Qd2 Rf8 29.Nd3 Rxf1
30.Rxf1 a5 31.Ne2 a4 32.Ng1 Rb3 33.Nf3 Qc8 34.Nfxe5 dxe5 35.Nxe5 Qb8 36.Qf4 Rxb2+
37.Kh1 Nf5 38.gxf5 Rb1 39.fxg6  1-0

[Event "WYCC U14 Open"]
[Site "Caldas Novas BRA"]
[Date "2011.11.18"]
[Round "1"]
[White "Bluebaum,M"]
[Black "Gotz,K"]
[Result "1-0"]
[WhiteElo "2403"]
[BlackElo "1897"]

1.d4 Nf6 2.c4 g6 3.Nc3 Bg7 4.e4 d6 5.Nf3 O-O 6.Be2 e5 7.Be3 Ng4 8.Bg5 f6
9.Bh4 Nc6 10.d5 Ne7 11.Nd2 Nh6 12.f3 f5 13.b4 Nf7 14.c5 g5 15.Bf2 Ng6 16.Nc4 f4
17.cxd6 cxd6 18.Nb5 b6 19.a4 Ba6 20.Nba3 Qf6 21.b5 Bc8 22.a5 bxa5 23.Nxa5 Nh4
24.O-O Nd8 25.N3c4 Qh6 26.Nc6 Nxc6 27.dxc6 Rf6 28.b6 Nxg2 29.Kxg2 Bh3+ 30.Kh1 g4
31.Rg1  1-0

[Event "Martin Open"]
[Site "Martin SVK"]
[Date "2011.11.18"]
[Round "4"]
[White "Puskar,J"]
[Black "Nemergut,P"]
[Result "1-0"]
[WhiteElo "2015"]
[BlackElo "1899"]

1.d4 Nf6 2.c4 g6 3.Nc3 Bg7 4.e4 d6 5.Nf3 O-O 6.Be2 Nbd7 7.O-O e5 8.d5 Nc5
9.Nd2 a5 10.Qc2 Ne8 11.Nb3 Nxb3 12.axb3 f5 13.b4 f4 14.f3 Qg5 15.Rxa5 Rxa5
16.bxa5 Nf6 17.Kh1 Nh5 18.g4 Nf6 19.Bd1 h5 20.gxh5 Nxh5 21.Qf2 Kf7 22.Rg1 Ng3+
23.Qxg3 fxg3 24.Bxg5 gxh2 25.Rg2  1-0

[Event "21st World Seniors"]
[Site "Rijeka CRO"]
[Date "2011.11.18"]
[Round "4.17"]
[White "Singer,H"]
[Black "Klundt,K"]
[Result "1/2-1/2"]
[WhiteElo "2254"]
[BlackElo "2383"]

1.d4 Nf6 2.c4 g6 3.Nc3 Bg7 4.e4 O-O 5.Nf3 d6 6.Be2 e5 7.d5 a5 8.O-O Na6 9.Ne1 Nc5
10.Qc2 Bd7 11.Bg5 h6 12.Bh4 Qe8 13.f3 Nh5 14.Nd3 b6 15.Nxc5 bxc5 16.a4 Bf6
17.Bxf6 Nxf6 18.Nb5 Qd8 19.Qd2 g5 20.g3  1/2-1/2

[Event "WYCC U14 Girls"]
[Site "Caldas Novas BRA"]
[Date "2011.11.19"]
[Round "2"]
[White "Chiang,S"]
[Black "Alboredo,Julia"]
[Result "1-0"]
[WhiteElo "2056"]
[BlackElo "1813"]

1.d4 Nf6 2.c4 d6 3.Nc3 g6 4.e4 Bg7 5.Be2 O-O 6.Nf3 e5 7.d5 a5 8.Bg5 h6 9.Bh4 Bd7
10.Nd2 Na6 11.a3 Qe8 12.b3 Nh7 13.f3 g5 14.Bf2 f5 15.exf5 Bxf5 16.Nde4 Nf6
17.Bd3 Bg6 18.O-O Nh5 19.c5 Nxc5 20.Nxc5 dxc5 21.Bxc5 e4 22.Bb5 c6 23.dxc6 Bxc3
24.cxb7 Qxb5 25.Qd5+ Bf7 26.bxa8=Q Rxa8 27.Qxa8+ Be8 28.Qd5+ Bf7 29.Qd8+ Kh7
30.Qe7 Qxb3 31.Qxe4+ Kg8 32.Rad1 Nf6 33.Rd8+ Kg7 34.Bf8+ Kg8 35.Bxh6+ Be8
36.Qg6+  1-0

[Event "Haije Kramer Vierkamp"]
[Site "Leeuwarden NED"]
[Date "2011.11.19"]
[Round "4"]
[White "Ernst,S"]
[Black "De Jong,M"]
[Result "1-0"]
[WhiteElo "2593"]
[BlackElo "2367"]

1.d4 Nf6 2.c4 g6 3.Nc3 Bg7 4.e4 d6 5.Nf3 O-O 6.Be2 e5 7.O-O exd4 8.Nxd4 Re8
9.f3 c6 10.Kh1 Nbd7 11.Be3 d5 12.cxd5 Nxd5 13.exd5 Rxe3 14.dxc6 Nb6 15.Nc2 Re8
16.Bb5 Qxd1 17.Rfxd1 Rf8 18.Nd4 a6 19.Bf1 bxc6 20.Nxc6 Be6 21.Rac1 Rfe8 22.b3 Bh6
23.Rc2 Bf5 24.Re2 Bg7 25.Rxe8+ Rxe8 26.Ne4 Bxe4 27.fxe4 Rxe4 28.Bxa6 Nd5
29.Bd3 Re3 30.Bc4 Nc3 31.Rf1 Nxa2 32.Rxf7 Kh8 33.g4 Nc3 34.Nd8 Ne4 35.Ne6 Bh6
36.Rd7 Bg5 37.Rb7  1-0

[Event "5th Mediterranean Open"]
[Site "Rijeka CRO"]
[Date "2011.11.19"]
[Round "9.2"]
[White "Kuljasevic,D"]
[Black "Martinovic,Sa"]
[Result "1/2-1/2"]
[WhiteElo "2560"]
[BlackElo "2504"]

1.d4 Nf6 2.c4 g6 3.Nc3 Bg7 4.e4 d6 5.Nf3 O-O 6.Be2 e5 7.Be3 Nbd7 8.O-O Re8
9.d5 Nh5 10.g3 Bf8 11.Ne1 Ng7 12.Nd3 f5 13.f3 Be7 14.b4 Bg5 15.Bf2 a5 16.a3 axb4
17.axb4 Rxa1 18.Qxa1 Nf6 19.Qa7 Bd2 20.Nb1 Bh6  1/2-1/2

[Event "WYCC U14 Girls"]
[Site "Caldas Novas BRA"]
[Date "2011.11.20"]
[Round "3"]
[White "Goryachkina,A"]
[Black "Malatsilava,Volha"]
[Result "1-0"]
[WhiteElo "2313"]
[BlackElo "1907"]

1.d4 Nf6 2.c4 g6 3.Nc3 Bg7 4.e4 d6 5.Nf3 O-O 6.Be2 e5 7.Be3 Ng4 8.Bg5 f6
9.Bh4 Nc6 10.d5 Ne7 11.Nd2 Nh6 12.f3 c5 13.a3 g5 14.Bf2 f5 15.g4 fxg4 16.fxg4 Ng6
17.Nf1 Qf6 18.Bg3 Nf4 19.Ne3 Bd7 20.Nf5 Bxf5 21.gxf5 Rf7 22.Qd2 a6 23.Nd1 Ng2+
24.Kf1 Nh4 25.Nf2 N4xf5 26.exf5 Nxf5 27.Bh5 Re7 28.Ng4 Nxg3+ 29.Kg2 Qf4 30.Qxf4 exf4
31.hxg3 Re2+ 32.Nf2 Rxb2 33.Rab1 Ra2 34.Rhe1 fxg3 35.Kxg3 Be5+ 36.Kg2 Rf8
37.Re2 Rxa3 38.Ne4 b5 39.cxb5 axb5 40.Rxb5 Rd3 41.Bg4 h5 42.Bxh5 Rxd5 43.Rb7 Rd3
44.Bg4 Rf4 45.Be6+ Kf8 46.Ra2 Rd2+ 47.Nxd2  1-0

[Event "TCh-FIN SM-Liiga 2011-12"]
[Site "Tampere FIN"]
[Date "2011.11.20"]
[Round "6.6"]
[White "Mertanen,J"]
[Black "Pihlajasalo,H"]
[Result "1-0"]
[WhiteElo "2369"]
[BlackElo "2271"]

1.d4 Nf6 2.c4 g6 3.Nc3 Bg7 4.e4 d6 5.Nf3 O-O 6.Be2 e5 7.Be3 exd4 8.Nxd4 Re8
9.f3 Nc6 10.Qd2 Nh5 11.Nxc6 bxc6 12.g4 Nf6 13.O-O-O Qe7 14.h4 h5 15.Bd4 hxg4
16.h5 gxf3 17.Bxf3 Be6 18.h6 Bf8 19.Rdg1 c5 20.Be3 Nh7 21.Rg3 Bxc4 22.Rhg1 Qe5
23.Bf4 Qd4 24.Qg2 Rab8 25.Bh5 Re6 26.Bd2 Rf6 27.Nd1 Bd3 28.Bxg6 Qc4+ 29.Nc3 Rxg6
30.Rxg6+ fxg6 31.Qxg6+ Kh8 32.b3 Rxb3 33.Kd1 Rb8 34.Nb5 Qc2+ 35.Ke1 Qb1+
36.Kf2 Qxa2 37.Ke3 Bxh6+ 38.Qxh6  1-0

[Event "Vilnius Open 2011"]
[Site "Vilnius LTU"]
[Date "2011.11.21"]
[Round "3"]
[White "Zukauskas,P"]
[Black "Kuvsinov,A"]
[Result "1-0"]
[WhiteElo "1806"]
[BlackElo "1989"]

1.Nf3 Nf6 2.c4 d6 3.d4 g6 4.Nc3 Bg7 5.e4 O-O 6.Be2 e5 7.dxe5 dxe5 8.O-O Nbd7
9.h3 c6 10.Be3 Qe7 11.Qd2 Re8 12.Rfd1 Nc5 13.Ng5 h6 14.Qd6 Qxd6 15.Rxd6 Ncd7
16.Nf3 Bf8 17.Rdd1 Nc5 18.Bd3 Nh7 19.Bc2 f6 20.b4 Ne6 21.c5 Nhg5 22.Nxg5 hxg5
23.Bb3 Kg7 24.Na4 Be7 25.Nb2 a5 26.a3 axb4 27.axb4 Rxa1 28.Rxa1 Nc7 29.Nc4 Be6
30.Ra7 Rb8 31.Nd2 Kf7 32.Bxe6+ Kxe6 33.Nc4 Na6 34.Bd2 f5 35.Na5 fxe4 36.Nxb7 Nc7
37.Na5 Kd7 38.Nc4 Bf6 39.Bc3 Ra8 40.Nb6+  1-0

[Event "Cultural Village Tournament"]
[Site "Wijk aan Zee NED"]
[Date "2011.11.21"]
[Round "1.2"]
[White "Peelen,P"]
[Black "Naroditsky,D"]
[Result "1/2-1/2"]
[WhiteElo "2362"]
[BlackElo "2472"]

1.d4 Nf6 2.Nf3 g6 3.c4 Bg7 4.Nc3 d6 5.e4 O-O 6.Be2 e5 7.O-O Na6 8.Re1 c6
9.Bf1 Bg4 10.d5 c5 11.Rb1 Ne8 12.h3 Bd7 13.a3 f5 14.exf5 gxf5 15.Nh2 Nf6
16.f4 e4 17.Be2 Qe8 18.g4 e3 19.g5 Ne4 20.Bh5 Qc8 21.Nxe4 fxe4 22.Bxe3 Bxh3
23.Ng4 Nc7 24.Kh2 Bxg4 25.Qxg4 b5 26.Qxc8 Raxc8 27.b3 Rb8 28.Kg3 a5 29.Bd2 a4
30.Ba5 Na6 31.Be2 b4 32.axb4 a3 33.b5 Nb4 34.Bxb4 cxb4 35.Bg4 a2 36.Be6+ Kh8
37.Ra1 Ra8 38.f5 Bxa1 39.Rxa1 Ra3 40.Kf4 e3 41.Kf3 Kg7 42.b6 Rb8 43.f6+ Kg6
44.Kf4 h6 45.Bf5+ Kf7 46.Be6+ Kg6 47.Bf5+ Kf7 48.Be6+  1/2-1/2

[Event "Malta Open"]
[Site "Bugibba MLT"]
[Date "2011.11.22"]
[Round "3.8"]
[White "Smith,Ax"]
[Black "Valles,M"]
[Result "1-0"]
[WhiteElo "2480"]
[BlackElo "2259"]

1.d4 Nf6 2.c4 g6 3.Nc3 Bg7 4.e4 d6 5.Be2 O-O 6.Nf3 Na6 7.O-O e5 8.Be3 c6
9.d5 Ng4 10.Bg5 f6 11.Bh4 c5 12.Ne1 h5 13.Nd3 Nh6 14.f3 Nf7 15.Rb1 Bh6 16.Bf2 f5
17.b4 b6 18.bxc5 bxc5 19.Rb2 Nc7 20.Qa4 Ne8 21.Nxc5 dxc5 22.Qc6 Bd7 23.Qxg6+ Ng7
24.Bxc5 Re8 25.Bf2 Qa5 26.Rb7 Red8 27.exf5 Rab8 28.Rxd7 Rxd7 29.Ne4 Kf8 30.f6 Ne8
31.Nc5  1-0

[Event "Cultural Village Tournament"]
[Site "Wijk aan Zee NED"]
[Date "2011.11.22"]
[Round "2.2"]
[White "Lenderman,A"]
[Black "Bernadskiy,V"]
[Result "1-0"]
[WhiteElo "2581"]
[BlackElo "2439"]

1.c4 Nf6 2.Nf3 g6 3.Nc3 Bg7 4.e4 d6 5.d4 O-O 6.Be2 Nbd7 7.O-O e5 8.Be3 Qe7
9.d5 Ne8 10.Ne1 f5 11.f3 Ndf6 12.Nd3 f4 13.Bf2 g5 14.g4 fxg3 15.hxg3 Bh3
16.Re1 g4 17.fxg4 h5 18.gxh5 Bh6 19.Bf3 Qg7 20.Qe2 Ng4 21.Bg2 Bxg2 22.Kxg2 Nef6
23.Rh1 Kh8 24.Bg1 Rg8 25.Rh3 Qh7 26.Ne1 Rg5 27.Nf3 Rxh5 28.Rxh5 Nxh5 29.Nxe5 Nxg3
30.Qxg4 Rg8 31.Bd4 Rxg4 32.Nxg4+ Bg7 33.Bxg7+ Qxg7 34.Kxg3 Qd4 35.Re1 Qxc4
36.e5 dxe5 37.Rxe5 Kg7 38.Re7+ Kf8 39.Rf7+ Ke8 40.Ne4 Qd3+ 41.Rf3 Qb1 42.Nef6+ Ke7
43.Re3+ Kd6 44.Ne4+ Kd7 45.Ngf6+ Kc8 46.Rc3 Kd8 47.Kf4 b6 48.Rg3 Qxb2 49.Rg8+ Ke7
50.Kf5 Qb1 51.Rg7+ Kd8 52.Ke6 Kc8 53.d6 Kb7 54.Rxc7+ Kb8 55.Nd7+ Ka8 56.Rc8+ Kb7
57.Rb8+ Ka6 58.Ndc5+ Ka5 59.d7 Qxa2+ 60.Ke7  1-0

[Event "21st World Seniors"]
[Site "Rijeka CRO"]
[Date "2011.11.23"]
[Round "8.1"]
[White "Komljenovic,D"]
[Black "Vaisser,A"]
[Result "1/2-1/2"]
[WhiteElo "2451"]
[BlackElo "2555"]

1.Nf3 Nf6 2.c4 g6 3.d4 Bg7 4.Nc3 d6 5.e4 O-O 6.Be2 e5 7.Be3 exd4 8.Nxd4 Re8
9.f3 c6 10.Nc2 Be6 11.Qd2 d5 12.O-O-O Na6 13.cxd5 cxd5 14.exd5 Bf5 15.Bb5 Bxc2
16.Kxc2 Re5 17.Bf4 Rxd5 18.Nxd5 Nxd5 19.Kb1 Nab4 20.Rhe1 Qb6 21.Be5 Bxe5
22.Rxe5 Qxb5 23.a3 Rd8 24.Qxb4 Qxb4 25.axb4 Nc3+ 26.bxc3 Rxd1+ 27.Kc2 Rd7
28.Re8+ Kg7 29.c4 Kf6 30.Kc3 Re7 31.Rb8 Ke5 32.Rd8 h5 33.c5 a6 34.Kc4 Kf4
35.Rd3 h4 36.Rd4+ Kg5 37.b5 axb5+ 38.Kxb5 Re2 39.Rg4+ Kh5 40.g3 g5 41.gxh4 gxh4
42.h3 Rh2 43.Rf4 Rxh3 44.Rxf7 Rh1 45.Rxb7 Rb1+ 46.Kc6 Rxb7 47.Kxb7 h3 48.c6 h2
49.c7 h1=Q 50.c8=Q Qxf3+ 51.Qc6 Qxc6+ 52.Kxc6  1/2-1/2

[Event "25th Belgrade Trophy"]
[Site "Obrenovac SRB"]
[Date "2011.11.24"]
[Round "1.1"]
[White "Mrdak,M"]
[Black "Damljanovic,B"]
[Result "0-1"]
[WhiteElo "2059"]
[BlackElo "2597"]

1.d4 Nf6 2.Nf3 g6 3.c4 Bg7 4.Nc3 d6 5.e4 O-O 6.Be2 e5 7.O-O c6 8.Be3 exd4
9.Nxd4 Re8 10.f3 d5 11.cxd5 Nxd5 12.Bf2 Nf4 13.Re1 Qg5 14.g3 Nh3+ 15.Kg2 Nxf2
16.Kxf2 Qc5 17.Rc1 Qxd4+ 18.Kg2 Qxd1 19.Rexd1 Be6 20.Rd6 Nd7 21.Rcd1 Bxc3
22.bxc3 Nb6  0-1

[Event "47th American Open"]
[Site "Orange USA"]
[Date "2011.11.24"]
[Round "2"]
[White "Kavutskiy,K"]
[Black "Remlinger,L"]
[Result "0-1"]
[WhiteElo "2303"]
[BlackElo "2409"]

1.d4 Nf6 2.c4 g6 3.Nc3 Bg7 4.Nf3 O-O 5.e4 d6 6.Be2 e5 7.O-O exd4 8.Nxd4 Re8
9.f3 c6 10.Kh1 Nbd7 11.Bg5 Qb6 12.Nb3 a5 13.Qd2 a4 14.Be3 Qc7 15.Nd4 Nc5
16.b4 axb3 17.axb3 Rxa1 18.Rxa1 Nfd7 19.Rb1 Nf8 20.b4 Na6 21.Nc2 f5 22.Bd3 fxe4
23.Bxe4 Be6 24.Qd3 Nd7 25.f4 Nf6 26.Bd4 Nxe4 27.Qxe4 Bd7 28.Qf3 Bf5  0-1

[Event "21st World Seniors Women"]
[Site "Rijeka CRO"]
[Date "2011.11.24"]
[Round "9.6"]
[White "Mira,H"]
[Black "Lopatin,O"]
[Result "1-0"]
[WhiteElo "2098"]
[BlackElo "2091"]

1.Nf3 Nf6 2.c4 g6 3.Nc3 Bg7 4.e4 d6 5.d4 O-O 6.Be2 e5 7.d5 a5 8.Bg5 h6 9.Bc1 Na6
10.Nd2 Nc5 11.Qc2 a4 12.Rb1 Bd7 13.b4 axb3 14.axb3 Nh7 15.b4 Na4 16.Nxa4 Rxa4
17.O-O Ra8 18.c5 Ba4 19.Qc3 f5 20.b5 Ng5 21.Rb4 dxc5 22.Qxc5 Rf6 23.Qc4 f4
24.Rxa4 Rxa4 25.Qxa4 Qd7 26.Qb3 Kh7 27.Bb2 Rf8 28.Rc1 h5 29.Nf3 Nxf3+ 30.Bxf3 b6
31.Rc6 Rf7 32.d6 cxd6 33.Qd5 Qa7 34.Rxd6 Qa5 35.Kf1 Re7 36.Be2 Qb4 37.Qd2 Qa4
38.Rd7 Rxd7 39.Qxd7 Qxe4 40.Qd3 Qb4 41.Ba3 Qa4 42.Bd1 Qa7 43.Bf3 Qf7 44.Bxh5 Qf6
45.Bf3 e4 46.Bxe4 Qa1+ 47.Ke2 Qa2+ 48.Kf3 Qe6 49.Bxg6+ Qxg6 50.Qxg6+ Kxg6
51.Kxf4 Bd4 52.f3 Bg1 53.h3 Bh2+ 54.Kg4 Kf6 55.Bb2+ Ke6 56.Bd4 Bc7 57.h4 Kd5
58.Bf6 Kc4 59.h5 Kxb5 60.h6  1-0

[Event "XII Puhajarve Handicap"]
[Site "Puhajarve EST"]
[Date "2011.11.25"]
[Round "12"]
[White "Nyback,T"]
[Black "Drugov,P"]
[Result "1-0"]
[WhiteElo "2631"]
[BlackElo "2348"]

1.d4 Nf6 2.c4 g6 3.Nc3 Bg7 4.e4 O-O 5.Nf3 d6 6.Be2 e5 7.Be3 Ng4 8.Bg5 f6
9.Bh4 Nh6 10.d5 g5 11.Bg3 f5 12.exf5 Nxf5 13.Ne4 g4 14.Nfg5 h5 15.h3 h4 16.hxg4 hxg3
17.gxf5 gxf2+ 18.Kf1 Bxf5 19.Bg4 Qe8 20.Bxf5 Rxf5 21.Ne6 Rf4 22.Nxf4 exf4
23.Qd3 Nd7 24.Ng5 Nf6 25.Ne6 Nh5 26.Kxf2 Rc8 27.Rae1 Nf6 28.Nxg7 Ng4+ 29.Kf3 Ne5+
30.Rxe5  1-0

[Event "21st World Seniors"]
[Site "Rijeka CRO"]
[Date "2011.11.25"]
[Round "10.6"]
[White "Danner,G"]
[Black "Komljenovic,D"]
[Result "0-1"]
[WhiteElo "2406"]
[BlackElo "2451"]

1.d4 Nf6 2.c4 g6 3.Nc3 Bg7 4.e4 d6 5.Nf3 O-O 6.Be2 e5 7.d5 a5 8.O-O Na6 9.Ne1 Nc5
10.f3 Nh5 11.g3 Bh3 12.Rf2 f5 13.exf5 gxf5 14.Nd3 b6 15.Nxc5 bxc5 16.Bf1 Bxf1
17.Kxf1 Qf6 18.Bd2 Qg6 19.Qc2 e4 20.Re1 Bd4 21.Be3 Nf6 22.Nb5 Bxe3 23.Rxe3 Rf7
24.Ree2 Raf8 25.Kg1 f4 26.Nc3 e3 27.Rg2 Qxc2 28.Rxc2 Kh8 29.Ne2 Nh5 30.g4 Ng7
31.Rc3 Rb8 32.Nc1 Kg8 33.Nd3 Kf8 34.Ra3 Ra8 35.Rb3 Ke8 36.Kf1 Kd7 37.Ke2 Rff8
38.Kd1 h6 39.Rb5 a4 40.Kc2 Ra7 41.Nc1 c6 42.Rb6 cxd5 43.cxd5 Ne8 44.Ne2 a3
45.b4 Nc7 46.bxc5 dxc5 47.Nc3 Ra6 48.Rb7 Kc8 49.Rb1 Rd8 50.Rd1 Rb6 51.Kc1 Rb4
52.Rd3 Ne6 53.h4 Nd4 54.Ne2 Rc4+ 55.Kd1 Nxf3 56.Nxf4 Rxf4 57.Rc2 Re4 58.Rxc5+ Kd7
59.Rc2 Nd4 60.Rc1 Rf8 61.Ke1 Rxg4 62.Rxe3 Rg1+ 63.Kd2 Rf2+ 64.Kd3 Rxc1 65.Kxd4 Rxa2  0-1

[Event "47th American Open"]
[Site "Orange USA"]
[Date "2011.11.26"]
[Round "5"]
[White "Ortiz,E PHI"]
[Black "Remlinger,L"]
[Result "0-1"]
[WhiteElo "2316"]
[BlackElo "2409"]

1.d4 Nf6 2.c4 g6 3.Nc3 Bg7 4.e4 d6 5.Be2 O-O 6.Nf3 e5 7.O-O exd4 8.Nxd4 Re8
9.f3 c6 10.Bg5 Nbd7 11.Qd2 a5 12.Kh1 a4 13.Rab1 Qa5 14.Rfd1 d5 15.cxd5 cxd5
16.b4 axb3 17.Nxb3 Nxe4 18.fxe4 Qxc3 19.exd5 Qxd2 20.Rxd2 h6 21.Bh4 g5 22.Bg3 Nf6
23.Bb5 Rd8 24.Re1 Bf5 25.d6 Ne4 26.Rxe4 Bxe4 27.d7 Bc3 28.Rd1 Bc2 29.Rc1 Rxa2
30.Bc7 Rxd7 31.Bxd7 Bxb3 32.h3  0-1

[Event "21st World Seniors"]
[Site "Rijeka CRO"]
[Date "2011.11.26"]
[Round "11.20"]
[White "Trofimov,S1"]
[Black "Singer,H"]
[Result "1-0"]
[WhiteElo "2408"]
[BlackElo "2254"]

1.d4 Nf6 2.Nf3 g6 3.c4 Bg7 4.Nc3 O-O 5.e4 d6 6.Be2 e5 7.O-O exd4 8.Nxd4 Re8
9.f3 Nc6 10.Be3 Nh5 11.Qd2 f5 12.Nxc6 bxc6 13.Rad1 Nf6 14.Bg5 c5 15.Bd3 fxe4
16.fxe4 Bg4 17.Nd5 Rf8 18.Rde1 c6 19.Nxf6+ Bxf6 20.Rxf6 Rxf6 21.h3 Be6 22.e5 dxe5
23.Qe3 Kg7 24.Bxf6+ Qxf6 25.Rf1 Qh4 26.Qxe5+ Kh6 27.Qe3+ Kg7 28.Rf4 Qe7 29.Qe5+ Kg8
30.Bxg6 Rf8 31.Rg4 Qf6 32.Bf7+  1-0